000 00228nam a22000857a 4500
003 SGT
245 _aAUSTRALIAN JOURNAL OF ELECTRICAL ELECTRONICS ENGINEERING (JAN-DEC)
260 _aNEW DELHI
_bENGINEERS MEDIA
_c2011
942 _2ddc
_cBV
999 _c16958
_d16958